| 000 | 00382nam a2200145 a 4500 | ||
|---|---|---|---|
| 001 | 4140 | ||
| 005 | 20140414131846.0 | ||
| 008 | 090218s19uu xx 00 eng d | ||
| 050 |
_aM 220.9 _bL33 1988 |
||
| 100 | _aLashbrook, Marilyn | ||
| 245 |
_aWho needs a boat? : _bthe story of Moses. |
||
| 260 |
_aUSA : _bRoper Press, _c1988. |
||
| 650 | _aBible stories-O.T. | ||
| 999 |
_c109917 _d109917 |
||